<?xml version="1.0" encoding="UTF-8"?>
<marc:record xmlns:marc="http://www.loc.gov/MARC21/slim">
   <marc:leader>00000nam a2200000 a 4500</marc:leader>
   <marc:datafield ind1="1" ind2=" " tag="100">
      <marc:subfield code="a">Habinger, Renate</marc:subfield>
      <marc:subfield code="4">aut</marc:subfield>
      <marc:subfield code="e">Verfasser/-in</marc:subfield>
   </marc:datafield>
   <marc:datafield ind1="1" ind2=" " tag="100">
      <marc:subfield code="a">Schmoiger, Christa</marc:subfield>
      <marc:subfield code="4">aut</marc:subfield>
      <marc:subfield code="e">Verfasser/-in</marc:subfield>
   </marc:datafield>
   <marc:datafield ind1="0" ind2="0" tag="245">
      <marc:subfield code="a">Aus 1 mach viel!</marc:subfield>
   </marc:datafield>
   <marc:datafield ind1="0" ind2="0" tag="245">
      <marc:subfield code="b">vom Samenkorn zum Festtagsschmaus ; viele, viele Tipps, Infos und Rezepte</marc:subfield>
   </marc:datafield>
   <marc:datafield ind1=" " ind2="1" tag="264">
      <marc:subfield code="a">St. Pölten</marc:subfield>
      <marc:subfield code="b">Residenz</marc:subfield>
      <marc:subfield code="c">2015</marc:subfield>
   </marc:datafield>
   <marc:datafield ind1="1" ind2=" " tag="520">
      <marc:subfield code="a">Wo kommt unser Essen her? Renate Habinger und Christa Schmoiger laden uns zur Entdeckungsreise ein. Sie zeigen, wie das ist mit dem Säen, Gedeihen und Ernten. Was Samen sind, welche Arten es gibt, wie wir sie hegen und pflegen können und wie aus Pflanzen köstliche Mahlzeiten werden. Artenpflege, der eigene Garten im Zeitungstöpfchen, antike Mythen, naturnahe Anbaumethoden für alle ist etwas Spannendes zu finden; jede Menge Rätsel, Bastelanleitungen, Pflanztipps, Rezepte und Reime bieten Mitmachspaß für die ganze Familie. Ein aufregender Blick auf die Entstehung unseres Essens. Spielerisch und aufwändig gestaltet ein Feuerwerk an Ideen und Anregungen!</marc:subfield>
   </marc:datafield>
   <marc:datafield ind1=" " ind2=" " tag="020">
      <marc:subfield code="a">978370172147</marc:subfield>
      <marc:subfield code="9">978370172147</marc:subfield>
   </marc:datafield>
   <marc:datafield ind1=" " ind2=" " tag="041">
      <marc:subfield code="a">ger</marc:subfield>
   </marc:datafield>
   <marc:datafield ind1=" " ind2=" " tag="300">
      <marc:subfield code="a">141 S.</marc:subfield>
   </marc:datafield>
</marc:record>
